000 01790nam a2200409 c 4500
003 BLK
005 20250428094631.0
008 180408b bul|||||r ||||||| ||bul||
010 _aKNG00086930000
040 _aBLK
041 _aBUL
_cBUL
080 _aРазпространяване на научните знания - популяризиране на науката, занимателна наука, учение за явленията научно необяснени, заблуждения и фалшификации, илюзии и др. п., секретност на научните знания
_b001.9
_x(02.062)
_z001.9(02.062)
080 _aОбща световна история. История на света
_b930.9
_x(02.062)
_z930.9(02.062)
100 1 _aРьосинг, Рогер
_eпърви автор
_9117990
700 1 _aВиденов, Александър
_eпрев.
_9300505
139 _aРьосинг, Рогер
_bР 98
245 1 0 _aИстория на големите грешки
_cРогер Рьосинг; прев. Александър Виденов.
257 _aDEU
260 София
_bГармонд
_c2008
300 _a184 с.
_bс ил.
_c20 см
380 _a0
500 _aБез сведение за ориг. загл.
650 4 _aНаука - история
_9244173
650 4 _aИстория, обща
_9264694
653 _aполитика
653 _aистория
653 _aтехника
653 _aнаука
653 _aгрешки
653 _aкуриози
852 _aЦб 242157
856 4 _qpdf
_u
856 4 _qpdf
_u
942 _cKNG
_n0
_01
944 _aCR
_c16.12.2008
_lХристина Везирева
_k30535
944 _aED
_c17.06.2009
_lф /
_k
999 _c82399
_d82399